000 00919cab a2200289 4500
001 ABS51386
008 090401t1994 xxu||||| |||| 00| 0 eng d
035 _a(Sirsi) u24325
041 _aeng
100 _aJacoby, C.
245 _aIreland
260 _c1994
350 _a0
490 _aEstates Europe
_v3(4) September 1994, 8-15(8)
520 _aDiscusses investment opportunities in the Dublin property market, profiles property company Green Property concluding with a review of the provincial cities of Cork, Galway and Limerick.
650 _aCORK
650 _aDUBLIN
650 _aGALWAY
650 _aINDUSTRIAL MARKET
650 _aINVESTMENT MARKET
650 _aIRELAND
650 _aLIMERICK
650 _aPROPERTY-COMMERCIAL PROPERTY-OFFICE PROPERTY-OFFICE PROPERTY MARKET
690 _aPROPERTY-COMMERCIAL PROPERTY-COMMERCIAL PROPERTY MARKET
942 _n0
948 _c04/03/1997
999 _c16307
_d16307